| 000 | 02811nam a2200325 4500 | ||
|---|---|---|---|
| 003 | EC-UNACH | ||
| 005 | 20260414135005.0 | ||
| 006 | s||||gr|||| 00| 00 | ||
| 008 | 150116t9999 mx r gr 000 0 spa d | ||
| 020 | _a978-9978-671-14-6 | ||
| 040 |
_aEC-UNACH _cEC-UNACH |
||
| 041 | _aspa | ||
| 082 | 0 | 4 |
_223 _a796.334 _bL018571 |
| 100 | _aCarrión M., Fernando | ||
| 245 |
_aBiblioteca del fútbol ecuatoriano. Volúmenes I al V. _bVolumen I. Área de candela: fútbol y literatura. Volumen II. Con sabor a gol: fútbol y periodismo. Volumen III. Mete gol... gana: fútbol y economía. Volumen IV. Quema de tiempo y área chica: fútbol e historia. Volumen V. El jugador número 12: fútbol y sociedad. |
||
| 250 | _aPrimera edición | ||
| 264 |
_aQuito, Ecuador _bFLACSO Ecuador; Municipio del Distrito Metropolitano de Quito; Empresa Pública Metropolitana de Agua Potable y Saneamiento; Diario El Comercio _c2006 |
||
| 300 |
_a5 volúmenes (1201 páginas en total). Vol. I: 237 p.; Vol. II: 243 p.; Vol. III: 231 p.; Vol. IV: 228 p.; Vol. V: 262 p. _bilustraciones _c17 x 23 cm. |
||
| 500 | _aLa Biblioteca del fútbol ecuatoriano es una obra colectiva que analiza el fútbol como fenómeno social, cultural, histórico y político en el Ecuador. A lo largo de cinco volúmenes, especialistas de diversas disciplinas examinan el papel del fútbol en la construcción de identidades, las dinámicas urbanas, la economía del deporte, los medios de comunicación, la literatura y la memoria histórica. La obra se distancia de una visión meramente deportiva para situar al fútbol como un campo de producción simbólica y de disputa social, donde convergen procesos de modernización, nacionalismo, mercado y cultura popular. Publicada por FLACSO Ecuador, esta colección constituye una referencia fundamental para los estudios sociales del deporte en América Latina y es un recurso clave para investigadores, estudiantes y lectores interesados en comprender el impacto del fútbol en la sociedad ecuatoriana contemporánea. | ||
| 505 | _aVolumen I. Área de candela: fútbol y literatura. Autor: Raúl Pérez Torres.-- Volumen II. Con sabor a gol: fútbol y periodismo. Autor: Kintto Lucas.-- Volumen III. Mete gol... gana: fútbol y economía. Autor: Pablo Samaniego Ponce.-- Volumen IV. Quema de tiempo y área chica: fútbol e historia. Fernando Carrión M.-- Volumen V. El jugador número 12: fútbol y sociedad. Autor: Fernando Carrión M. | ||
| 650 | _aFútbol - Aspectos sociales - Ecuador | ||
| 650 | _aDeportes - Sociología - Ecuador | ||
| 650 | _aIdentidad cultural - Ecuador | ||
| 942 |
_2ddc _c1 |
||
| 999 | _c14348 | ||